000
00378nam a2200133Ia 4500
008
151001s9999||||xx |||||||||||||| ||und||
100
_a
प्र ल गावडे
245
_a
आधारवड सहस्त्राचा
250
_a
1
260
_b
अनमोल प्रकाशन पुणे
260
_c
1994
300
_a
226
365
_b
21
999
_c
971735
_d
971732